| 000 | 01018nam a22002894i 4500 | ||
|---|---|---|---|
| 999 |
_c7924 _d7924 |
||
| 001 | 991061134830306706 | ||
| 003 | OSt | ||
| 005 | 20240718170739.0 | ||
| 008 | 240530e202405 spc|||||||||||||| ||spa|c | ||
| 017 |
_aDL. B.9640-2024 _bBiblioteca de Catalunya |
||
| 020 | _a9788411660457 | ||
| 040 |
_aES-BaUOC _bcat _erda _cCDMR |
||
| 245 | 0 | 0 |
_aRepresentaciones de género, igualdad y diversidad en los medios de comunicación / _cMaría Jesús Ruiz Muñoz, Valeriano Durán Manso, Rocío de la Maya Retamar (eds) |
| 264 | 1 |
_aBarcelona : _bEditorial UOC, _c2024 |
|
| 300 |
_a201 pàgines ; _c24 cm |
||
| 490 | 1 |
_aComunicación ; _v730 |
|
| 504 | _aBibliografia | ||
| 650 | 0 |
_aMitjans de comunicació de massa i dones _93818 |
|
| 650 | 0 |
_aDones en el periodisme _94233 |
|
| 650 | 0 |
_aSexisme en els mitjans de comunicació de massa _93769 |
|
| 700 | 1 | _aRuiz Muñoz, Maria Jesus, | |
| 700 | 1 | _aDurán Manso, Valeriano, | |
| 700 | 1 | _aMaya Retamar, Rocío de la, | |
| 908 | _aUOC | ||
| 940 | _aUOC | ||
| 942 |
_2udc _cMON |
||